000 00412nam a22001457a 4500
999 _c852
_d852
008 191226b ||||| |||| 00| 0 eng d
082 0 0 _a621.30151
_bW286
100 _9396
_aWarren, A. G
245 1 0 _aMathematics applied to electrical engineering, Vol - IX
_cby A G Warren
260 _aLondon
_bChapman & hall Ltd
_c1949
300 _axv, 384p.
365 _b11.06
650 0 _aElectrical Engineering
942 _cBK